Normal view
MARC view
- UMM-E-AIMEN
Entry Personal Name
001 - CONTROL NUMBER
- control field: 69735
003 - CONTROL NUMBER IDENTIFIER
- control field: NUST
005 - DATE AND TIME OF LATEST TRANSACTION
- control field: 20210628204301.0
008 - FIXED-LENGTH DATA ELEMENTS
- fixed length control field: 210628|| aca||aabn | a|a d
040 ## - CATALOGING SOURCE
- Original cataloging agency: NUST
- Transcribing agency: NUST
100 ## - HEADING--PERSONAL NAME
- Personal name: UMM-E-AIMEN
670 ## - SOURCE DATA FOUND
- Source citation: Work cat.: (NUST): UMM-E-AIMEN , TH-SOF-1515-Fault Tolerant Tracking Control of an Unmanned Aerial Vehicle Subject to Actuator Faults, 2018
